00443nam a2200181Ia 4500008004000000020001800040041000800058082001500066100001700081245003300098250000500131260006800136300001200204650001800216650000700234650001400241650000600255210210b2010 xxu||||| |||| 00| 0 eng d a9788122427318 aeng a574.5 SINE aSINDHU (P S) aEnvironmental chemistry Ed 2 a aNew DelhibNew Age International (P) Limited, Publishersc2010 axxi,404 aEnvironmental aEd achemistry a2